Είναι θετικό : ποιητική συλλογή

Αποθηκεύτηκε σε:
Λεπτομέρειες βιβλιογραφικής εγγραφής
Κύριος συγγραφέας: Ουρεϊλίδου, Κάλλη
Μορφή: Βιβλίο
Γλώσσα:Greek
Δημοσίευση: Αλεξανδρούπολη : [χ. ό], 2016.
Θέματα:
Ετικέτες: Προσθήκη ετικέτας
Δεν υπάρχουν, Καταχωρήστε ετικέτα πρώτοι!

MARC

LEADER 00000cam a2200000 a 4500
001 1/112253
008 161102s2016####gr | ||| |||| ||gre||
020 |a 9789609383080 
040 |a GR-MyUa  |b gre  |c GR-MyUa  |e AACR2 
041 0 |a gre 
082 7 |a 889.4   |2 (23) 
100 1 |a Ουρεϊλίδου, Κάλλη. 
245 1 0 |a Είναι θετικό :   |b ποιητική συλλογή /   |c Κάλλη Ουρεϊλίδου.  
260 |a Αλεξανδρούπολη :   |b [χ. ό],   |c 2016.  
300 |a 117 σ. ;   |c 24 εκ.  
650 0 |a Greek poetry, Modern. 
650 0 |a Greek literature, Modern. 
650 0 |a Poetry  |x Collections. 
852 |a INST  |b RHODES  |e 20161102  |h 889.4 ΟΥΡ  |p 005400038900  |q 005400038900  |t BK  |y 0 
970 |z 02-11-2016